How to grow your business on the Internet / (Record no. 3933)

MARC details
000 -LEADER
fixed length control field 01015cam a2200313 a 4500
001 - CONTROL NUMBER
control field 4039480
003 - CONTROL NUMBER IDENTIFIER
control field OSt
005 - DATE AND TIME OF LATEST TRANSACTION
control field 20160510123128.0
008 - FIXED-LENGTH DATA ELEMENTS--GENERAL INFORMATION
fixed length control field 980324s1997 nyua 001 0 eng
010 ## - LIBRARY OF CONGRESS CONTROL NUMBER
LC control number 98130230
020 ## - INTERNATIONAL STANDARD BOOK NUMBER
International Standard Book Number 1576101711
040 ## - CATALOGING SOURCE
Original cataloging agency DLC
Transcribing agency DLC
Modifying agency DLC
050 00 - LIBRARY OF CONGRESS CALL NUMBER
Classification number HD30.37
Item number .E47 1997
082 ## - DEWEY DECIMAL CLASSIFICATION NUMBER
Classification number 005.7
Item number EME 1997
100 1# - MAIN ENTRY--PERSONAL NAME
Personal name Emery, Vince.
9 (RLIN) 8611
245 10 - TITLE STATEMENT
Title How to grow your business on the Internet /
Statement of responsibility, etc. Vince Emery.
246 30 - VARYING FORM OF TITLE
Title proper/short title Business on the Internet
250 ## - EDITION STATEMENT
Edition statement 3rd ed.
260 ## - PUBLICATION, DISTRIBUTION, ETC. (IMPRINT)
Place of publication, distribution, etc. Albany, NY :
Name of publisher, distributor, etc. Coriolis Group Books,
Date of publication, distribution, etc. 1997.
300 ## - PHYSICAL DESCRIPTION
Extent xvii, 692 p. :
Other physical details ill. ;
Dimensions 24 cm.
500 ## - GENERAL NOTE
General note Includes index.
650 #0 - SUBJECT ADDED ENTRY--TOPICAL TERM
Topical term or geographic name as entry element Business enterprises
General subdivision Computer networks.
9 (RLIN) 8612
650 #0 - SUBJECT ADDED ENTRY--TOPICAL TERM
Topical term or geographic name as entry element Internet.
9 (RLIN) 630
650 #0 - SUBJECT ADDED ENTRY--TOPICAL TERM
Topical term or geographic name as entry element Internet advertising.
9 (RLIN) 8613
856 7# - ELECTRONIC LOCATION AND ACCESS
Materials specified Table of contents
Uniform Resource Identifier http://lcweb.loc.gov/catdir/toc/98-130230.html
Access method http
906 ## - LOCAL DATA ELEMENT F, LDF (RLIN)
a 7
b cbc
c orignew
d 2
e ncip
f 19
g y-gencatlg
942 ## - ADDED ENTRY ELEMENTS (KOHA)
Source of classification or shelving scheme Dewey Decimal Classification
Koha item type Short Loan
Holdings
Withdrawn status Lost status Source of classification or shelving scheme Damaged status Not for loan Home library Current library Date acquired Inventory number Total Checkouts Full call number Barcode Date last seen Price effective from Koha item type
    Dewey Decimal Classification     MUST Main Library MUST Main Library 10/05/2016 2000/13412   005.7 EME 1997 2016-1686 10/05/2016 10/05/2016 Short Loan